Régions frontalières de l'Île-de-France - Statistiques

Statistiques générales
  • Ce quiz a été pris 47 fois
  • Le résultat moyen est 4 sur 5
Statistiques - réponses
Région % Correct
Normandie
93%
Centre-Val de Loire
90%
Grand Est
90%
Hauts-de-France
90%
Bourgogne-Franche-Comté
83%
Aucun quiz correspondant
Distribution des résultats
% des personnes avec chaque résultat
Percentile par nombre de réponses
Votre historique - résultats
Vous n’avez pas pris ce quiz